highest grossing science fiction movies - Statistics

General Stats
  • This quiz has been taken 41 times
  • The average score is 9 of 15
Answer Stats
year starring gross film % Correct
1977 Mark Hamill $2.66 billion Star Wars: Episode IV - A New Hope
97%
2009 Zoe Saldana $911 million Avatar
76%
1983 Carrie Fisher $881 million Star Wars: Episode VI - Return of the Jedi
68%
1980 Harrison Ford $920 million Star Wars: Episode V - The Empire Strikes Back
66%
2019 Robert Downey, Jr. $892 million Avengers: Endgame
63%
1993 Laura Dern $860 million Jurassic Park
63%
1982 Drew Barrymore $1.32 billion E.T. the Extra-Terrestrial
61%
2018 Scarlett Johansson $678 million Avengers: Infinity War
58%
1996 Will Smith $649 million Independence Day
58%
1999 Ewan McGregor $846 million Star Wars: Episode I - The Phantom Menace
58%
2015 Daisy Ridley $1.01 billion Star Wars: Episode VII - The Force Awakens
58%
2005 Hayden Christensen $555 million Star Wars: Episode III - Revenge of the Sith
53%
2015 Chris Pratt $719 million Jurassic World
47%
2017 John Boyega $633 million Star Wars: Episode VIII - The Last Jedi
47%
2016 Felicity Jones $566 million Rogue One: A Star Wars Story
34%
No matching quizzes found
Score Distribution
Percent of People with Each Score
Percentile by Number Answered
Your Score History
You have not taken this quiz